Review and analysis of intraregional trade flows in Aisa and the Pasific.
| Format: | Book |
|---|---|
| Published: |
New York:
United Nations,
1995.
|
| Subjects: |
| LEADER | 00476cam a2200157 7i4500 | ||
|---|---|---|---|
| 001 | 0000003388 | ||
| 005 | 19991025090000.0 | ||
| 002 | ##000004755 | ||
| 020 | 0 | 0 | |a T000004302 |
| 090 | 0 | 0 | |a AS.P 382.1 |b REV |
| 245 | 1 | 0 | |a Review and analysis of intraregional trade flows in Aisa and the Pasific. |
| 260 | 0 | 0 | |a New York: |b United Nations, |c 1995. |
| 300 | 0 | 0 | |a 99 p.. |
| 650 | 0 | 0 | |a Business# |a Commerce |
| 651 | 0 | 0 | |a Asia Pacific# |a Asia |
| 999 | |a 0000005865 |b Book |c Open shelf |e Business Information Centre | ||